[Event "AUT-ch"]
[Site "Austria"]
[Date "1994.??.??"]
[Round "7"]
[White "Brod, Manfred"]
[Black "Gottsmann, Herbert"]
[Result "1-0"]
[WhiteElo "2255"]
[BlackElo "2165"]

1.e4 e6 2.d4 d5 3.Nc3 Bb4 4.e5 Qd7 5.a3 Bxc3+ 6.bxc3 b6 7.h4 h5 8.Be2 g6
9.Bg5 Ba6 10.Bxa6 Nxa6 11.Qd3 Nb8 12.c4 dxc4 13.Qxc4 Nc6 14.Nf3 Nge7 15.O-O Na5
16.Qd3 Qd5 17.a4 Nec6 18.Rab1 a6 19.Bf6 Rf8 20.Rfd1 Nc4 21.Ng5 N6a5 22.Nh7 Rg8
23.Bg5 Qc6 24.Nf6+ Kf8 25.Qg3 Rh8 26.Qf4 Qxa4 27.d5 exd5 28.e6 Qxc2 29.Nd7+  1-0

[Event "AUT-chT"]
[Site "?"]
[Date "1994.??.??"]
[Round "?"]
[White "Fogarasi, Tibor"]
[Black "Hertneck, Gerald"]
[Result "1/2-1/2"]
[WhiteElo "2490"]
[BlackElo "2555"]

1.e4 e6 2.d4 d5 3.Nc3 Bb4 4.e5 Ne7 5.Bd2 Nbc6 6.Nce2 Bxd2+ 7.Qxd2 h5 8.f4 b6
9.Nc3 Nf5 10.Nf3 Nce7 11.Qf2 c5 12.Bd3 c4 13.Be2 b5 14.O-O b4 15.Na4 Qa5
16.b3 Nc6 17.Nb2 c3 18.Na4 Bd7 19.Rfd1 Nce7 20.a3 Bc6 21.Ne1 bxa3 22.Rxa3 Qb4
23.Raa1 a5 24.Nf3 g6 25.Bf1 O-O 26.Qe1 Rfc8 27.Nxc3 Be8 28.Nb5 Rab8 29.c3 Qxb3
30.Rab1 Qa4 31.Ra1 Qb3 32.Rab1 Qa4  1/2-1/2

[Event "AUT-chT"]
[Site "?"]
[Date "1994.??.??"]
[Round "?"]
[White "Wach, Markus"]
[Black "Herzog, Adolf"]
[Result "1-0"]
[WhiteElo "2345"]
[BlackElo "2350"]

1.e4 e6 2.d4 d5 3.Nc3 Bb4 4.e5 Ne7 5.a3 Bxc3+ 6.bxc3 c5 7.Qg4 O-O 8.Bd3 f5
9.exf6 Rxf6 10.Bg5 Nd7 11.Qh4 h6 12.Bxf6 Nxf6 13.dxc5 e5 14.f3 Bf5 15.Ne2 Bxd3
16.cxd3 Nf5 17.Qh3 Ne3 18.Kd2 d4 19.Qe6+ Kh8 20.Qxe5 Nc4+ 21.dxc4 dxc3+ 22.Kxc3 Qa5+
23.Kb3 Re8 24.Qc3 Qxc5 25.Nd4 b5 26.cxb5 Qd5+ 27.Kb2 Qg5 28.Rhe1 Rb8 29.a4 Nd5
30.Qc6 Rf8 31.Re8 Qxg2+ 32.Nc2  1-0

[Event "AUT-chT"]
[Site "?"]
[Date "1994.??.??"]
[Round "?"]
[White "Wach, Markus"]
[Black "Kindermann, Stefan"]
[Result "1/2-1/2"]
[WhiteElo "2345"]
[BlackElo "2520"]

1.e4 e6 2.d4 d5 3.Nc3 Bb4 4.e5 Ne7 5.a3 Bxc3+ 6.bxc3 c5 7.Qg4 O-O 8.Bd3 f5
9.exf6 Rxf6 10.Bg5 Rf7 11.Qh4 h6 12.Bxe7 Qxe7 13.Qxe7 Rxe7 14.f4 cxd4 15.cxd4 b6
16.Nf3 Ba6 17.Bg6 Nc6 18.Kd2 Rf8 19.g3 Rc7 20.Rhe1 Rf6 21.Bh5 Kf8 22.Bg4 Ke7
23.Re3 Kd6 24.Rae1 Bc8 25.Rc3 Na5 26.Rxc7 Kxc7 27.Ne5 Nc6 28.Nxc6 Kxc6 29.Re5 Kd6
30.Be2 Bd7 31.Bd3 Be8 32.c4 Bc6 33.Ke3 Rf7 34.h4  1/2-1/2

[Event "Bad Ragaz op"]
[Site "Bad Ragaz"]
[Date "1994.??.??"]
[Round "5"]
[White "Haist, Wolfgang"]
[Black "Peric, Slavisa"]
[Result "1-0"]
[WhiteElo "2275"]
[BlackElo "2335"]

1.e4 e6 2.d4 d5 3.Nc3 Bb4 4.e5 Qd7 5.Qg4 f5 6.Qg3 b6 7.Nh3 Ba6 8.Bxa6 Nxa6
9.Nf4 O-O-O 10.Bd2 Bf8 11.a3 Nh6 12.b4 c6 13.O-O Nc7 14.Rfb1 g6 15.a4 a6
16.b5 cxb5 17.axb5 a5 18.Na4 Kb7 19.Nxb6 Kxb6 20.Bxa5+ Kb7 21.Bxc7 Qxc7 22.Nxe6 Qd7
23.Nxd8+ Qxd8 24.b6 Be7 25.Qd3 Qe8 26.Qa6+ Kc6 27.Qb5+ Kb7 28.Ra7+ Kb8 29.Ra8+  1-0

[Event "Regionalliga SW9495"]
[Site "Bayern"]
[Date "1994.??.??"]
[Round "1"]
[White "Kraemer, Stefan"]
[Black "Glaser, Wolfgang"]
[Result "1-0"]
[WhiteElo "2115"]
[BlackElo "2130"]

1.e4 e6 2.d4 d5 3.Nc3 Bb4 4.e5 Qd7 5.a3 Bf8 6.Nce2 b6 7.Nf4 Ne7 8.Nf3 Bb7
9.Bd3 Ng6 10.Nh5 Nc6 11.c3 O-O-O 12.O-O Kb8 13.Qe2 Be7 14.b4 Rdg8 15.Nd2 Nh4
16.Nb3 g6 17.Ng3 f6 18.f4 fxe5 19.fxe5 Nf5 20.Bf4 Nxg3 21.Bxg3 Rf8 22.Qg4 Nd8
23.Nd2 Bc6 24.Qh3 Bb5 25.Rxf8 Rxf8 26.Bxb5 Qxb5 27.Qxh7 Bg5 28.Nf3 Be3+ 29.Bf2 Bxf2+
30.Kxf2 Qd3 31.Qe7 Rh8 32.Qg7 Rh5 33.Qe7 Rh8 34.Qg7 Rh5 35.Qe7 Rh8 36.Rc1 Qf5
37.Qg7 Rxh2 38.Qf6 Rh5 39.Qxf5 Rxf5 40.Rh1 Kc8 41.Rh6 g5 42.Rf6 Nf7 43.Kg3 Kd7
44.Kg4 Ke7 45.Rxf5 Nh6+ 46.Kxg5 Nxf5 47.Kf4  1-0

[Event "Oberliga Bayern9495"]
[Site "Bayern"]
[Date "1994.??.??"]
[Round "1"]
[White "Ankerst, Mihael"]
[Black "De Francesco, Klaus"]
[Result "1-0"]
[WhiteElo "2285"]
[BlackElo "2235"]

1.e4 e6 2.d4 d5 3.Nc3 Bb4 4.e5 Ne7 5.a3 Bxc3+ 6.bxc3 c5 7.Qg4 O-O 8.Bd3 f5
9.exf6 Rxf6 10.Qh5 g6 11.Qd1 c4 12.Be2 Nbc6 13.Nf3 Bd7 14.O-O Qf8 15.Bg5 Rf7
16.Qc1 Nf5 17.Bd2 Re8 18.Re1 e5 19.Nxe5 Nxe5 20.dxe5 Rxe5 21.Bf3 Rxe1+ 22.Qxe1 Bc6
23.Qe6 Qd6 24.Qxd6 Nxd6 25.Be3 a6 26.Bd4 Ne4 27.Re1 Re7 28.Bd1 Kf7 29.f3 Nd2
30.Be2 Nb1 31.Kf2 Nxa3 32.Bc5 Nb5 33.Bxe7 Kxe7 34.Bxc4+ Kd6 35.Bxb5 Bxb5
36.Ke3 Kc5 37.Kd2 a5 38.Re7 Ba6 39.Rxh7 a4 40.Re7 a3 41.Re1 a2 42.Ra1 Bc4
43.h4 d4 44.g4 b5 45.h5 gxh5 46.gxh5 dxc3+ 47.Kxc3 b4+ 48.Kb2  1-0

[Event "Regionalliga NW9495"]
[Site "Bayern"]
[Date "1994.??.??"]
[Round "1"]
[White "Hlavac, Frantisek"]
[Black "Staeblein, Christian"]
[Result "1/2-1/2"]
[WhiteElo "2115"]
[BlackElo "2075"]

1.e4 e6 2.d4 d5 3.Nc3 Bb4 4.e5 Ne7 5.Nf3 c5 6.Be3 Nbc6 7.Bb5 Qa5 8.Bxc6+ bxc6
9.O-O cxd4 10.Nxd4 Bxc3 11.bxc3 Qxc3 12.Qg4 O-O 13.Nb3 Ng6 14.Bd4 Qc4 15.Qg3 a5
16.c3 a4 17.Nc5 Rb8 18.Qe3 Rb2 19.Rfe1 Rxa2 20.Rab1 Ba6 21.Rb4 Re2 22.Qxe2 Qxe2
23.Rxe2 Bxe2 24.Rxa4 Bb5 25.Ra7 Nf4  1/2-1/2

[Event "Regionalliga NW9495"]
[Site "Bayern"]
[Date "1994.??.??"]
[Round "1"]
[White "Sam, Christian"]
[Black "Staeblein, Christian"]
[Result "1/2-1/2"]
[WhiteElo "2045"]
[BlackElo "2075"]

1.e4 e6 2.d4 d5 3.Nc3 Bb4 4.e5 Ne7 5.a3 Bxc3+ 6.bxc3 c5 7.Qg4 O-O 8.Bd2 Nbc6
9.Nh3 f5 10.Qh4 Ng6 11.Qxd8 Rxd8 12.Bg5 Rf8 13.O-O-O Bd7 14.Be2 Rac8 15.Bh5 Be8
16.g4 Nge7 17.Nf4 Bxh5 18.gxh5 Kf7 19.Rhg1 cxd4 20.cxd4 Rg8 21.Rd3 Na5 22.Bxe7 Kxe7
23.Rdg3 Kf7 24.h4 Nc6 25.Rd1 Ne7 26.Nh3 h6 27.Nf4 Rc4 28.c3 Rgc8 29.Kb2 R4c6
30.Rdg1 Rg8 31.Nd3 b6 32.Nb4 Rcc8 33.Nd3 Rc4 34.Nf4 Rc6  1/2-1/2

[Event "Regionalliga SO9495"]
[Site "Bayern"]
[Date "1994.??.??"]
[Round "8"]
[White "Marian, Marc"]
[Black "Weinberger, Wolfgang"]
[Result "1-0"]
[WhiteElo "2015"]
[BlackElo "1920"]

1.e4 e6 2.d4 d5 3.Nc3 Bb4 4.e5 Qd7 5.a3 Bxc3+ 6.bxc3 b6 7.h4 Ba6 8.Bxa6 Nxa6
9.h5 Nb8 10.h6 g6 11.Nf3 Nc6 12.Ng5 f6 13.exf6 Nxf6 14.O-O O-O-O 15.Re1 Rhe8
16.Bf4 Ng8 17.Nf3 Qf7 18.Bg5 Rd7 19.Ne5 Nxe5 20.Rxe5 Qf8 21.Qe2 Rd6 22.Qe3 Nf6
23.Bxf6 Qxf6 24.Re1 Qf7 25.f4 Kd7 26.g3 Qf8 27.Qd3 a5 28.Kg2 Qxh6 29.Rh1 Qg7
30.g4 Rf8 31.Kg3 Kd8 32.Qe3 Qf7 33.Rh6 Rc6 34.Rh2 Rxc3 35.Qxc3 Qxf4+ 36.Kh3 Qh6+
37.Kg2 Qf4 38.Qd3 Qxg4+ 39.Qg3 Qd1 40.Rh1 Qxd4 41.Re2 Rf7 42.Qh4+ Qxh4 43.Rxh4 Kd7
44.Rf2 Re7 45.Rf8 g5 46.Rh6 Kd6 47.Kf3 Kc5 48.Rh8 Rf7+ 49.Ke2 e5 50.R6xh7 Rxh7
51.Rxh7 c6 52.Rg7 Kc4 53.Rxg5 e4 54.Rg6 Kc5 55.Re6 b5 56.Ke3 b4 57.a4 b3
58.cxb3 Kb4 59.Rxc6 Kxb3 60.Rc5 Kxa4 61.Rxd5 Kb4 62.Kxe4 a4 63.Kd3 Kb3 64.Rb5+ Ka3
65.Kc2  1-0

[Event "Berliner Sommer"]
[Site "Berlin"]
[Date "1994.??.??"]
[Round "?"]
[White "Delekta, Piotr"]
[Black "Eingorn, Vereslav S"]
[Result "0-1"]
[WhiteElo "2305"]
[BlackElo "2585"]

1.e4 e6 2.d4 d5 3.Nc3 Bb4 4.e5 Ne7 5.Qg4 Nf5 6.Nf3 Nc6 7.Bd3 h5 8.Qf4 Nce7
9.Nh4 Nxh4 10.Qxh4 c5 11.a3 Bxc3+ 12.bxc3 c4 13.Be2 Nf5 14.Qxd8+ Kxd8 15.Bg5+ Kc7
16.h4 Bd7 17.Kd2 Rhf8 18.g3 Kc6 19.Bf1 f6 20.exf6 gxf6 21.Bf4 Ne7 22.Bh3 e5
23.Bxd7+ Kxd7 24.dxe5 fxe5 25.Bxe5 Rxf2+ 26.Kc1 Re8 27.Bd4 Rf3 28.Kb2 Nf5
29.Raf1 Nxd4 30.cxd4 Rxg3 31.Rf5 Kc6 32.Rxh5 Re2 33.Re5 Rf2 34.h5 Rb3+ 35.Kc1 Rc3
36.Re8 Rcxc2+ 37.Kb1 c3 38.Rhe1  0-1

[Event "Bern op"]
[Site "Bern"]
[Date "1994.??.??"]
[Round "6"]
[White "Dolmatov, Sergey"]
[Black "Timmer, Robert"]
[Result "1-0"]
[WhiteElo "2610"]
[BlackElo "2300"]

1.e4 e6 2.d4 d5 3.Nc3 Bb4 4.e5 Qd7 5.a3 Bxc3+ 6.bxc3 b6 7.Qg4 f5 8.Qg3 Ba6
9.Bxa6 Nxa6 10.Ne2 O-O-O 11.h4 Nb8 12.h5 Nc6 13.Kf1 Na5 14.h6 g6 15.Bg5 Re8
16.Qd3 Qa4 17.f3 Nc4 18.Kf2 Nb2 19.Qd2 Nc4 20.Qd1 Ne7 21.Ra2 Nc6 22.Nf4 Nd8
23.Bf6 Rhg8 24.g4 fxg4 25.fxg4 Nf7 26.Kg3 Qa5 27.Qd3 c5 28.g5 cxd4 29.cxd4 Nd2
30.Kg4 Kb7 31.c3 Nc4 32.Rf1 Qb5 33.Kh4 Qb3 34.Raf2 Qxa3 35.Qh3 Qa5 36.Nxe6 Rxe6
37.Be7 Re8 38.Bb4 Qa4 39.Rxf7+ Kc6 40.R1f6 Rxf6  1-0

[Event "Bled op"]
[Site "Bled"]
[Date "1994.??.??"]
[Round "?"]
[White "Zelcic, Robert"]
[Black "Krzisnik, Zvonko"]
[Result "1-0"]
[WhiteElo "2460"]
[BlackElo "2300"]

1.e4 e6 2.d4 d5 3.Nc3 Bb4 4.e5 Ne7 5.Qg4 c5 6.Nf3 Nbc6 7.Bb5 Qa5 8.O-O Bxc3
9.Bxc6+ bxc6 10.bxc3 Qxc3 11.Qxg7 Rg8 12.Qxh7 Ba6 13.Bd2 Qxf3 14.Qxg8+ Nxg8
15.gxf3 Bxf1 16.Kxf1 cxd4 17.Rb1 O-O-O 18.Bb4 Nh6 19.Be7 Rh8 20.Bd6 Rh7 21.Rb8+ Kd7
22.Rb7+ Kd8 23.Rxa7 Nf5 24.a4 Rxh2 25.a5 Rh1+ 26.Ke2 Rc1 27.Kd2 Rf1 28.a6 Rxf2+
29.Kc1 Rxf3 30.Ra8+ Kd7 31.a7 Nxd6 32.exd6 Ra3 33.Rf8 Kxd6 34.a8=Q Rxa8 35.Rxa8 f5
36.Rf8 c5 37.Kd2 c4 38.Ke2 Ke7 39.Ra8 e5 40.Ra7+ Ke6 41.Ra6+ Ke7 42.Kf3 c3
43.Ke2 f4 44.Kf3 Kd7 45.Kg4 d3 46.cxd3 c2 47.Ra1 Kd6 48.Rc1 Kc5 49.Rxc2+ Kd4
50.Re2  1-0

[Event "Budapest FS10 GM"]
[Site "Budapest"]
[Date "1994.??.??"]
[Round "1"]
[White "Nguyen Anh Dung"]
[Black "Andrienko, Anatoly"]
[Result "1/2-1/2"]
[WhiteElo "2340"]
[BlackElo "2315"]

1.e4 e6 2.d4 d5 3.Nc3 Bb4 4.e5 Ne7 5.a3 Bxc3+ 6.bxc3 c5 7.Qg4 O-O 8.Bd3 Qa5
9.Bd2 f5 10.exf6 Rxf6 11.Qh5 Nf5 12.Nf3 Nc6 13.O-O c4 14.Be2 Nd6 15.Qh4 Bd7
16.Ne5 Nxe5 17.dxe5 Nf5 18.Qh3 Rf7 19.Rfb1 Qc7 20.Re1 Ba4 21.Ra2 Qb6 22.Bg4 Re8
23.Bxf5 Rxf5 24.Be3 Rxe5 25.f4 Rxe3 26.Qxe3 Qxe3+ 27.Rxe3 Kf7 28.Re2 Rd8
29.Rd2 Rc8 30.Kf2 Ke7 31.Ra1 Kd6 32.Re1 Be8 33.Rde2 Bd7 34.Ke3 Rc5 35.Kd4 Ra5
36.Re5 g6 37.g4 Rb5 38.h4 Rb2 39.h5 Rxc2 40.R5e2 Rxe2 41.Rxe2 Ba4 42.f5 exf5
43.gxf5 gxf5 44.h6 Bd1 45.Re8 Bc2 46.Rh8 f4 47.Rf8 Be4 48.Rxf4 Kc6 49.Rf7 a6
50.a4 Kb6 51.Rf2 Ka5 52.Ra2 b6 53.Ra1  1/2-1/2

[Event "Budapest FS06 IM-A"]
[Site "Budapest"]
[Date "1994.??.??"]
[Round "3"]
[White "Pikler, Tamas"]
[Black "Kabatianski, Alexandr"]
[Result "0-1"]
[WhiteElo "2210"]
[BlackElo "2365"]

1.e4 e6 2.d4 d5 3.Nc3 Bb4 4.e5 Ne7 5.a3 Bxc3+ 6.bxc3 c5 7.Qg4 O-O 8.Bd3 Nbc6
9.Nf3 f5 10.exf6 Rxf6 11.Qh5 h6 12.Bg5 hxg5 13.Qh7+ Kf8 14.Qh8+ Ng8 15.Bh7 Ne7
16.Ne5 cxd4 17.O-O dxc3 18.Rae1 Qd6 19.Re3 d4 20.Re4 d3 21.cxd3 Bd7 22.d4 Be8
23.Rg4 Rc8 24.Rxg5 g6 25.h4 c2 26.Nd3 Qxd4 27.Bxg8 Nxg8 28.Nc1 Rf4 29.Qh7 Qg7
30.Qxg7+ Kxg7 31.Re1 Rd4 32.Rge5 Bd7 33.g3 Nf6 34.R5e2 Rd1 35.Kf1 Bb5  0-1

[Event "Budapest FS07 IM"]
[Site "Budapest"]
[Date "1994.??.??"]
[Round "6"]
[White "Farago, Sandor"]
[Black "Williams, Simon"]
[Result "1-0"]
[WhiteElo "2360"]
[BlackElo "2185"]

1.e4 e6 2.d4 d5 3.Nc3 Bb4 4.e5 b6 5.Qg4 Kf8 6.Bd2 Ba6 7.Bxa6 Nxa6 8.Qe2 Nb8
9.Nf3 Ne7 10.O-O-O h6 11.g4 c5 12.Nb5 Bxd2+ 13.Rxd2 Nbc6 14.Qe3 cxd4 15.Nfxd4 a6
16.Nxc6 Nxc6 17.Nd6 Na7 18.f4 Nb5 19.Ne4 Qc7 20.Ng3 Qc4 21.Kb1 Rc8 22.Rf1 a5
23.f5 Qxg4 24.Rf4 d4 25.Qf2 Qh3 26.a4 Nc7 27.Qxd4 Nd5 28.Rh4  1-0

[Event "Buenos Aires PRENAJ"]
[Site "Buenos Aires"]
[Date "1994.??.??"]
[Round "1"]
[White "Farah, Rodolfo"]
[Black "De Dovitiis, Alejo"]
[Result "0-1"]
[WhiteElo "2245"]
[BlackElo "2350"]

1.e4 e6 2.d4 d5 3.Nc3 Bb4 4.e5 b6 5.Qg4 Bf8 6.Nce2 Nc6 7.c3 h5 8.Qh3 Ba6
9.g4 g6 10.Nf4 Bxf1 11.Kxf1 h4 12.g5 Nge7 13.Qd3 a5 14.Nf3 Qc8 15.h3 Nf5
16.Rg1 Kd7 17.Qb5 Qa6 18.Qxa6 Rxa6 19.Rg4 Be7 20.Ng2 Raa8 21.Nfxh4 Nxh4 22.Nxh4 Rh7
23.Kg2 Rah8 24.Kg3 Bd8 25.Bd2 Ne7 26.Rh1 Rxh4  0-1

[Event "ARG-World"]
[Site "Buenos Aires"]
[Date "1994.??.??"]
[Round "7"]
[White "Leko, Peter"]
[Black "Panno, Oscar"]
[Result "1/2-1/2"]
[WhiteElo "2545"]
[BlackElo "2520"]

1.e4 e6 2.d4 d5 3.Nc3 Bb4 4.e5 Ne7 5.Bd2 b6 6.Qg4 Nf5 7.Bd3 h5 8.Qf4 Qh4
9.Qxh4 Nxh4 10.g3 Nf5 11.Nb5 Bxd2+ 12.Kxd2 Na6 13.Ne2 c6 14.Bxf5 cxb5 15.Bd3 Nc7
16.h3 Ke7 17.g4 b4 18.f4 g6 19.Ng3 hxg4 20.hxg4 Bd7 21.Ke3 Bb5 22.f5 gxf5
23.gxf5 Rag8 24.f6+ Kd7 25.Ne2 a5 26.Rag1 Bxd3 27.Kxd3 Nb5 28.Rxg8 Rxg8 29.Rh7 Ke8  1/2-1/2

[Event "ESP-chT"]
[Site "Cala Galdana"]
[Date "1994.??.??"]
[Round "2"]
[White "Rodriguez Lopez, Rafael"]
[Black "Gallardo Garcia, Andres"]
[Result "0-1"]
[WhiteElo "2275"]
[BlackElo "2265"]

1.e4 e6 2.d4 d5 3.Nc3 Bb4 4.e5 Ne7 5.a3 Bxc3+ 6.bxc3 c5 7.Qg4 O-O 8.Bd3 f5
9.exf6 Rxf6 10.Bg5 e5 11.Qh4 e4 12.Bxf6 gxf6 13.Bf1 Nf5 14.Qg4+ Kh8 15.Qd1 Qa5
16.Qd2 Nc6 17.Ne2 Be6 18.Rb1 Re8 19.g4 e3 20.fxe3 Nd6 21.Ng3 Bxg4 22.Kf2 f5
23.Bd3 c4 24.h3 f4 25.exf4 cxd3 26.hxg4 Re2+ 27.Nxe2 Ne4+ 28.Ke3 Nxd2 29.Kxd2 dxe2
30.Rxb7 Kg8 31.Rhxh7 e1=Q+ 32.Kxe1 Qxc3+ 33.Kf1 Qc4+ 34.Kg2 Qxc2+ 35.Kg3 Qd3+
36.Kh4 Qxh7+ 37.Rxh7 Kxh7 38.Kg5 Nxd4 39.Kf6 Ne2  0-1

[Event "Doeberl Cup"]
[Site "Canberra"]
[Date "1994.??.??"]
[Round "3"]
[White "Hamilton, Douglas G"]
[Black "Johansen, Darryl K"]
[Result "1/2-1/2"]
[WhiteElo "2300"]
[BlackElo "2500"]

1.e4 e6 2.d4 d5 3.Nc3 Bb4 4.e5 b6 5.Qg4 Bf8 6.h4 h5 7.Qf3 Qd7 8.Nh3 Nc6 9.Bb5 Nge7
10.Bg5 Nf5 11.O-O-O Bb7 12.Nf4 g6 13.Ncxd5 exd5 14.Nxd5 Bg7 15.Nb4 O-O 16.Bxc6 Bxc6
17.Qxc6 Qe6 18.Rhe1 a5 19.d5 Qc8 20.Nd3 Re8 21.c3 a4 22.a3 Kh7 23.e6 f6 24.Bf4 Ne7
25.Qxc7 Nxd5 26.Qxc8 Raxc8 27.Bg3 Rc6 28.Nf4 Nxf4 29.Bxf4 Rexe6 30.Rxe6 Rxe6
31.Rd6 Rxd6 32.Bxd6 b5 33.Kc2 Kg8 34.Kd3 f5 35.c4 bxc4+ 36.Kxc4 Bxb2 37.Kb5 Kf7
38.Kxa4 Bf6 39.g3 g5 40.hxg5 Bxg5 41.Kb5 Ke6 42.Bc7 Kd7 43.Bb8 f4 44.gxf4 Be7
45.f5 Bd6 46.Ba7 h4 47.f4  1/2-1/2

[Event "Capablanca mem-B"]
[Site "?"]
[Date "1994.??.??"]
[Round "1"]
[White "Rodriguez, Amador"]
[Black "Pecorelli Garcia, Humberto"]
[Result "1-0"]
[WhiteElo "2470"]
[BlackElo "2405"]

1.e4 e6 2.d4 d5 3.Nc3 Bb4 4.e5 Ne7 5.a3 Bxc3+ 6.bxc3 c5 7.Qg4 Qc7 8.Qxg7 Rg8
9.Qxh7 cxd4 10.Ne2 Nbc6 11.f4 Bd7 12.Qd3 dxc3 13.Rb1 d4 14.Rg1 O-O-O 15.g4 Be8
16.Rg3 Ng6 17.Bg2 Ncxe5 18.fxe5 Nxe5 19.Qh7 Bc6 20.Bf4 Bxg2 21.Rxg2 Nf3+
22.Kf2 Qc6 23.Qd3 Nh4 24.Rgg1 Ng6 25.Bg3 e5 26.Rb4 Rd5 27.Rc4 Rc5 28.Nxd4 exd4
29.Rxd4 Ne5 30.Qf5+ Nd7 31.Qf4 Qf6 32.Qxf6 Nxf6 33.Kf3 Nd7 34.Re1 f5 35.g5 Nb6
36.Bf4 Nc4 37.a4 Nd2+ 38.Kg2 Ne4 39.h4 Rh8 40.Red1 b5 41.axb5 Rxb5 42.Rc4+  1-0

[Event "Capablanca mem-B"]
[Site "?"]
[Date "1994.??.??"]
[Round "4"]
[White "Diaz, Joaquin C"]
[Black "Paneque, Pedro"]
[Result "1/2-1/2"]
[WhiteElo "2435"]
[BlackElo "2410"]

1.e4 e6 2.d4 d5 3.Nc3 Bb4 4.e5 Qd7 5.Bd2 Bxc3 6.Bxc3 b6 7.Qg4 f5 8.Qg3 Qf7
9.Bd2 Ne7 10.h4 O-O 11.Nh3 c5 12.c3 Nec6 13.Ng5 Qe7 14.Nf3 cxd4 15.Nxd4 Nxd4
16.cxd4 Nc6 17.Qc3 Bb7 18.Be2 Rac8 19.Qd3 Rc7 20.a3 Rfc8 21.b4 Nd8 22.g3 Bc6
23.b5 Be8 24.O-O Nb7 25.Rfc1 Rc4 26.a4 Na5 27.Qe3 Rxc1+ 28.Rxc1 Nc4 29.Bxc4 Rxc4
30.Rxc4 dxc4 31.Qc3 Qc7 32.Bc1 Bh5 33.d5 exd5 34.e6 Qc5 35.Bb2 d4 36.Qxd4 Qxd4
37.Bxd4 Bd1 38.a5 bxa5 39.Bxa7 Bf3 40.Bc5 g6 41.Kf1 c3 42.Ke1 Kg7 43.Bd4+ Kf8
44.Bxc3 Ke7 45.Bxa5 Kxe6 46.Bc7 Kd5 47.b6 Ke6 48.Kd2 h5  1/2-1/2

[Event "Capablanca mem-B"]
[Site "?"]
[Date "1994.??.??"]
[Round "6"]
[White "Diaz, Joaquin C"]
[Black "Pecorelli Garcia, Humberto"]
[Result "1/2-1/2"]
[WhiteElo "2435"]
[BlackElo "2405"]

1.e4 e6 2.d4 d5 3.Nc3 Bb4 4.e5 Ne7 5.a3 Bxc3+ 6.bxc3 c5 7.Nf3 b6 8.Bb5+ Bd7
9.Bd3 c4 10.Be2 Ba4 11.h4 h6 12.h5 Kd7 13.g3 Qg8 14.Nh4 Qh7 15.Ra2 Na6 16.Kf1 Raf8
17.Bg4 Nc7 18.Be3 g5 19.Ng2 f6 20.Kg1 Nb5 21.exf6 Rxf6 22.Bd2 Rhf8 23.f3 Nf5
24.Kh2 Qf7 25.Rb2 a5 26.Qe2 Kc6 27.Rhb1 Nfd6 28.Ne1 Re8 29.Ng2 Rf8 30.Ne3 Kb7
31.Kg2 Ka6 32.Be1 Ka7 33.Bd2 Ka6 34.Be1 Ka7 35.Bd2 Ka6 36.Be1  1/2-1/2

[Event "Capablanca mem-B"]
[Site "?"]
[Date "1994.??.??"]
[Round "6"]
[White "Van Riemsdijk, Herman C"]
[Black "Paneque, Pedro"]
[Result "0-1"]
[WhiteElo "2435"]
[BlackElo "2410"]

1.e4 e6 2.d4 d5 3.Nc3 Bb4 4.e5 Qd7 5.Bd2 Bxc3 6.Bxc3 b6 7.h4 c5 8.h5 Nc6
9.Bb5 Bb7 10.Qg4 f5 11.exf6 Nxf6 12.Qh3 O-O 13.Nf3 Qd6 14.Bxc6 Bxc6 15.O-O Ne4
16.Ne5 Bb5 17.Nd3 Rf5 18.f3 Bxd3 19.cxd3 Ng3 20.Rfe1 Nxh5 21.Re3 Nf4 22.Qg4 h5
23.Qh4 cxd4 24.Bxd4 Qb4  0-1

[Event "Capablanca mem-B"]
[Site "?"]
[Date "1994.??.??"]
[Round "12"]
[White "Slobodjan, Roman"]
[Black "Paneque, Pedro"]
[Result "1-0"]
[WhiteElo "2440"]
[BlackElo "2410"]

1.e4 e6 2.d4 d5 3.Nc3 Bb4 4.e5 Qd7 5.Bd2 Bxc3 6.Bxc3 b6 7.h4 c5 8.h5 Nc6
9.Nf3 Bb7 10.Rh3 f5 11.Bd2 Nxd4 12.Nxd4 cxd4 13.Rg3 Rc8 14.Bb4 Nh6 15.Qxd4 f4
16.Qxf4 a5 17.Ba3 Nf5 18.Rb3 g5 19.Qxg5 Nd4 20.Qf6 Rg8 21.Rg3  1-0

[Event "Cappelle op"]
[Site "Cappelle la Grande"]
[Date "1994.??.??"]
[Round "1"]
[White "Ippolito, Manuel"]
[Black "Gavrilov, Alexei"]
[Result "1/2-1/2"]
[WhiteElo "2200"]
[BlackElo "2430"]

1.e4 e6 2.d4 d5 3.Nc3 Bb4 4.e5 b6 5.Bb5+ c6 6.Qg4 Bf8 7.Ba4 a5 8.Bb3 Ba6
9.Nge2 Qc7 10.a4 Ne7 11.Nd1 c5 12.c3 Nbc6 13.Be3 Ng6 14.f4 h5 15.Qf3 cxd4
16.cxd4 Bb4+ 17.Kf2 Bd3 18.Rc1 Be4 19.Qh3 Bf5 20.Qg3 h4 21.Qf3 h3 22.Ndc3 hxg2
23.Qxg2 Rc8 24.Nxd5 exd5 25.Bxd5 Nge7 26.Bxc6+ Nxc6 27.d5 Nxe5 28.Rxc7 Ng4+
29.Qxg4 Bxg4 30.Rxc8+ Bxc8 31.Bxb6 Bb7 32.Nc3 Bxc3 33.bxc3 Bxd5 34.Rd1 Rxh2+
35.Ke3 Rh3+ 36.Kd4 Bb3 37.Ra1 Rf3 38.Bxa5 Rxf4+ 39.Ke5 Rxa4 40.Rxa4 Bxa4
41.c4 Kd7 42.Bb4 f6+ 43.Kf5 Bc2+ 44.Kg4 Ke6 45.Bd2 Ba4 46.Be3 Ke5 47.c5 Bd7+
48.Kh5 Kf5 49.Kh4 Ke4 50.Bc1 Kf3 51.Bd2 Ke4 52.Bc1 Kf5 53.Bd2 g5+ 54.Kg3 Ke4
55.Bc1 Bc8 56.Bd2 Kd3 57.Bc1 Kc3 58.Be3 Kd3 59.Bc1 Bd7 60.Kf3 Bc8 61.Kg3 Ke2
62.Bb2 f5 63.Bc1 f4+  1/2-1/2

[Event "Cappelle"]
[Site "Cappelle la Grande"]
[Date "1994.??.??"]
[Round "7"]
[White "Lanka, Zigurds"]
[Black "Apicella, Manuel"]
[Result "1-0"]
[WhiteElo "2540"]
[BlackElo "2465"]

1.e4 e6 2.d4 d5 3.Nc3 Bb4 4.e5 Ne7 5.a3 Bxc3+ 6.bxc3 c5 7.Nf3 Qa5 8.Bd2 Nbc6
9.Be2 c4 10.Ng5 h6 11.Nh3 Bd7 12.Nf4 O-O-O 13.Nh5 g6 14.Nf6 Ng8 15.Nxg8 Rdxg8
16.h4 f6 17.exf6 Rf8 18.O-O Rxf6 19.Bg4 g5 20.h5 Rhf8 21.Qe2 Qc7 22.Qe3 e5
23.Bxd7+ Kxd7 24.dxe5 Qxe5 25.Rad1 Qxe3 26.Bxe3 Kd6 27.a4 Rf5 28.f3 a6 29.Rb1 R8f7
30.Bf2 Re7 31.Bg3+ Kc5 32.Rb2 d4 33.Rd1 d3 34.Bf2+ Kd5 35.cxd3 cxd3 36.Rxd3+ Kc4
37.Rd6 Rh7 38.Re2 Ra5 39.Re4+ Kb3 40.Ree6 Rxa4 41.Rxh6 Rf7 42.Rhf6 Rf4 43.Rg6 Ne5
44.Rxg5 Nc4 45.Re6 a5 46.h6 a4 47.Rg7 a3 48.h7 a2 49.Re1 Rxg7 50.h8=Q Re7
51.Rf1 Kb2 52.Qh6 Ref7 53.Qe6  1-0

[Event "Cappelle op"]
[Site "Cappelle la Grande"]
[Date "1994.??.??"]
[Round "7"]
[White "Felsberger, Alfred"]
[Black "Sokolov, Andrei"]
[Result "1/2-1/2"]
[WhiteElo "2390"]
[BlackElo "2520"]

1.e4 e6 2.d4 d5 3.Nc3 Bb4 4.e5 Ne7 5.a3 Bxc3+ 6.bxc3 b6 7.Nf3 Ba6 8.Bxa6 Nxa6
9.Qd3 Nb8 10.O-O Nbc6 11.a4 Na5 12.Nd2 O-O 13.Ba3 f6 14.Rfe1 Qd7 15.c4 fxe5
16.Bxe7 Qxe7 17.Rxe5 Qf6 18.cxd5 Qxf2+ 19.Kh1 exd5 20.Nf3 Nc6 21.Re2 Rxf3
22.Rxf2 Rxd3 23.cxd3 Nxd4 24.Re1 Rf8 25.Kg1 Rxf2 26.Kxf2 Kf7 27.h4 Ne6 28.Ke3 Ke7
29.g4 h6 30.Rf1 Ke8 31.Rf5 c6 32.a5 Ke7 33.a6 Nc5 34.Rf1 Ne6 35.Rf2 Ke8 36.Rf5 Ke7
37.g5 hxg5 38.hxg5 g6 39.Rf6 Nxg5 40.Rxc6 Ne6 41.Rc8 Kd6 42.Ra8 Nc7 43.Rxa7 Kc6
44.Rb7 Nxa6 45.Rg7 Kc5 46.Rxg6 Nb4  1/2-1/2

[Event "FRA-ch"]
[Site "Chambery"]
[Date "1994.??.??"]
[Round "?"]
[White "Koch, Jean Rene"]
[Black "Roos, Louis"]
[Result "1/2-1/2"]
[WhiteElo "2475"]
[BlackElo "2440"]

1.e4 e6 2.d4 d5 3.Nc3 Bb4 4.e5 b6 5.h4 h5 6.Bg5 Qd7 7.a3 Bxc3+ 8.bxc3 Ba6
9.Bxa6 Nxa6 10.Ne2 Qc6 11.Qd3 Qc4 12.Qg3 Kd7 13.a4 Rf8 14.Bd2 Rh7 15.Qd3 Qxd3
16.cxd3 Ne7 17.O-O Nb8 18.c4 Nbc6 19.g3 f6 20.exf6 Rxf6 21.Kg2 Rf5 22.a5 bxa5
23.c5 Rh8 24.Bxa5 Rb8 25.Bc3 Rff8 26.Rfb1 Rxb1 27.Rxb1 Nf5 28.Ra1 g6 29.Kh3 Nfe7
30.Kg2 Rb8 31.Kf3 Ke8 32.Ke3 Kf7 33.Kd2 Kf6 34.Re1 Nf5 35.Ra1 Rb7 36.Kc2 Rb5
37.Ra6 Nfe7 38.Ra1 a5 39.Kd2 Nf5 40.Kc2 Nfe7 41.Nf4 Nf5 42.Ne2 g5 43.hxg5+ Kxg5
44.f3 Rb8 45.Bd2+ Kg6 46.Kc3 Rb5 47.Ra4 e5 48.dxe5 d4+ 49.Kc2 Rxc5+ 50.Kb3 Rxe5
51.Nf4+ Kf7 52.Nxh5 Ne3 53.Nf4 Rb5+ 54.Ka2 Nc2 55.Rc4 N2b4+ 56.Bxb4 Nxb4+
57.Ka3 c6 58.Ka4 Rg5 59.g4 c5 60.Kxa5 Nc6+ 61.Kb5 Na7+ 62.Kb6 Nc8+ 63.Kc6 Ne7+
64.Kb5 Re5 65.Rxc5 Re3 66.Rc4 Rxf3 67.Rxd4 Rg3 68.Nh5 Rg1 69.Kc5 Ng8 70.Rd7+ Kf8
71.Nf4 Nh6 72.Ne6+ Ke8 73.Rh7 Nf7 74.Ng7+ Ke7 75.Kd5 Rg2 76.Nf5+ Kf6 77.d4 Rg1
78.Nh6 Ng5 79.Ra7 Nh3 80.Ra3 Rh1 81.Nf5 Kg5 82.Ne3 Kf4 83.Kc6 Ng5 84.d5 Rh6+
85.Kb5 Rg6 86.Kc4 Ke4 87.Kc5 Kf4 88.Rb3 Ne4+ 89.Kd4 Nf2 90.Rb8 Rf6 91.Re8 Kf3
92.Nc4 Rf4+ 93.Kc5 Ne4+ 94.Rxe4 Kxe4 95.d6 Rf8 96.d7 Kf4 97.Kd6 Rd8 98.Ne3 Kxe3
99.g5 Kf4 100.g6 Kg5 101.Ke7 Rxd7+  1/2-1/2

[Event "FRA-ch"]
[Site "Chambery"]
[Date "1994.??.??"]
[Round "?"]
[White "Koch, Jean Rene"]
[Black "Apicella, Manuel"]
[Result "1/2-1/2"]
[WhiteElo "2475"]
[BlackElo "2465"]

1.e4 e6 2.d4 d5 3.Nc3 Bb4 4.e5 Ne7 5.a3 Bxc3+ 6.bxc3 c5 7.Qg4 O-O 8.Bd3 Nbc6
9.Bg5 Qa5 10.Ne2 Ng6 11.O-O Qa4 12.f4 c4 13.Bxg6 fxg6 14.Ra2 Bd7 15.h4 Rf5
16.h5 gxh5 17.Qxh5 h6 18.g4 Rf7 19.Kg2 Be8 20.Qh3 hxg5 21.f5 exf5 22.gxf5 Ne7
23.Rh1 Rxf5 24.Ng3 Rf4 25.Qh8+ Kf7 26.Rh7 Ke6 27.Qxg7 Bf7 28.Qxg5 Ng6 29.Rh6 Kd7
30.Rxg6 Bxg6 31.Qxf4 Qc6 32.Ra1 Qe6 33.Rh1 Rg8 34.Rh6 Ke8 35.Qf6 Qxf6 36.exf6 Kf7
37.Kf3 Kxf6 38.Rh2 Re8 39.Nh5+ Kg5 40.Nf4 Be4+ 41.Kg3 Rg8  1/2-1/2